[Event "ODJM B 2025"]
[Site "Willingen GER"]
[Date "2025.06.11"]
[Round "5"]
[White "Kandora, Max"]
[Black "Ensslen, Jakob"]
[Result "1-0"]
[Termination "normal"]
[Board "6"]
[WhiteElo "1878"]
[BlackElo "1682"]
[WhiteClock "01:09:27"]
[BlackClock "00:28:10"]
[PlyCount "95"]
[WhiteFideId "34684239"]
[BlackFideId "34640258"]
[EventCountry "GER"]
[EventRounds "9"]
[EventType "swiss"]
[EventDate "2025.06.07"]

1. e4 {[%clk 01:30:58]} {[%emt 00:00:02]} c5 {[%clk 01:30:53]} {[%emt
00:00:07]} 2. Nf3 {[%clk 01:31:04]} {[%emt 00:00:23]} d6 {[%clk 01:31:14]}
{[%emt 00:00:10]} 3. Nc3 {[%clk 01:31:29]} {[%emt 00:00:05]} g6 {[%clk
01:30:01]} {[%emt 00:01:44]} 4. Bb5+ {[%clk 01:31:46]} {[%emt 00:00:12]} Bd7
{[%clk 01:29:21]} {[%emt 00:01:10]} 5. Bxd7+ {[%clk 01:32:10]} {[%emt
00:00:06]} Qxd7 {[%clk 01:27:50]} {[%emt 00:02:01]} 6. d4 {[%clk 01:32:04]}
{[%emt 00:00:35]} cxd4 {[%clk 01:26:47]} {[%emt 00:01:33]} 7. Qxd4 {[%clk
01:30:51]} {[%emt 00:01:43]} Nf6 {[%clk 01:26:05]} {[%emt 00:01:13]} 8. Nd5
{[%clk 01:22:56]} {[%emt 00:08:24]} Bg7 {[%clk 01:25:14]} {[%emt 00:01:21]} 9.
Bg5 {[%clk 01:20:22]} {[%emt 00:03:04]} Nc6 {[%clk 01:21:02]} {[%emt 00:04:42]}
10. Qd3 {[%clk 01:06:11]} {[%emt 00:14:41]} Nxd5 {[%clk 01:11:41]} {[%emt
00:09:51]} 11. exd5 {[%clk 01:06:28]} {[%emt 00:00:13]} Ne5 {[%clk 01:09:47]}
{[%emt 00:02:22]} 12. Nxe5 {[%clk 01:04:21]} {[%emt 00:02:39]} Bxe5 {[%clk
01:08:25]} {[%emt 00:01:53]} 13. c3 {[%clk 00:56:28]} {[%emt 00:08:23]} O-O
{[%clk 01:03:42]} {[%emt 00:05:13]} 14. O-O {[%clk 00:56:05]} {[%emt 00:00:52]}
Rac8 {[%clk 00:54:34]} {[%emt 00:09:38]} 15. f4 {[%clk 00:55:37]} {[%emt
00:00:58]} Bf6 {[%clk 00:52:43]} {[%emt 00:02:22]} 16. Bxf6 {[%clk 00:55:05]}
{[%emt 00:01:01]} exf6 {[%clk 00:52:51]} {[%emt 00:00:21]} 17. f5 {[%clk
00:55:31]} {[%emt 00:00:05]} Rce8 {[%clk 00:43:05]} {[%emt 00:10:17]} 18. Rae1
{[%clk 00:52:40]} {[%emt 00:03:20]} Re5 {[%clk 00:40:17]} {[%emt 00:03:18]} 19.
Rxe5 {[%clk 00:52:53]} {[%emt 00:00:17]} dxe5 {[%clk 00:36:59]} {[%emt
00:03:47]} 20. b3 {[%clk 00:51:08]} {[%emt 00:02:17]} Qd6 {[%clk 00:30:43]}
{[%emt 00:06:46]} 21. Qb5 {[%clk 00:48:46]} {[%emt 00:02:51]} b6 {[%clk
00:27:18]} {[%emt 00:03:56]} 22. b4 {[%clk 00:40:54]} {[%emt 00:08:21]} e4
{[%clk 00:23:48]} {[%emt 00:04:01]} 23. Qc6 {[%clk 00:40:26]} {[%emt 00:00:58]}
Qe5 {[%clk 00:11:59]} {[%emt 00:12:18]} 24. fxg6 {[%clk 00:40:08]} {[%emt
00:00:48]} fxg6 {[%clk 00:12:09]} {[%emt 00:00:20]} 25. Qe6+ {[%clk 00:40:10]}
{[%emt 00:00:29]} Qxe6 {[%clk 00:11:33]} {[%emt 00:01:05]} 26. dxe6 {[%clk
00:40:34]} {[%emt 00:00:06]} f5 {[%clk 00:10:07]} {[%emt 00:01:56]} 27. Rd1
{[%clk 00:40:57]} {[%emt 00:00:07]} Re8 {[%clk 00:09:18]} {[%emt 00:01:19]} 28.
Rd7 {[%clk 00:40:52]} {[%emt 00:00:36]} a5 {[%clk 00:08:25]} {[%emt 00:01:23]}
29. Rd6 {[%clk 00:41:16]} {[%emt 00:00:06]} axb4 {[%clk 00:07:38]} {[%emt
00:01:16]} 30. cxb4 {[%clk 00:41:38]} {[%emt 00:00:09]} b5 {[%clk 00:07:10]}
{[%emt 00:00:58]} 31. Rb6 {[%clk 00:41:23]} {[%emt 00:00:44]} Kg7 {[%clk
00:05:46]} {[%emt 00:01:54]} 32. Kf2 {[%clk 00:40:27]} {[%emt 00:01:26]} Kf6
{[%clk 00:05:44]} {[%emt 00:00:33]} 33. Rxb5 {[%clk 00:40:51]} {[%emt
00:00:05]} Rxe6 {[%clk 00:05:21]} {[%emt 00:00:53]} 34. a4 {[%clk 00:40:52]}
{[%emt 00:00:30]} g5 {[%clk 00:04:27]} {[%emt 00:01:23]} 35. a5 {[%clk
00:41:17]} {[%emt 00:00:06]} Re8 {[%clk 00:03:47]} {[%emt 00:01:10]} 36. a6
{[%clk 00:39:27]} {[%emt 00:02:19]} Ra8 {[%clk 00:02:31]} {[%emt 00:01:46]} 37.
Ra5 {[%clk 00:39:52]} {[%emt 00:00:05]} Ke6 {[%clk 00:00:44]} {[%emt 00:02:18]}
38. b5 {[%clk 00:39:55]} {[%emt 00:00:26]} Kd7 {[%clk 00:00:56]} {[%emt
00:00:18]} 39. b6 {[%clk 00:40:04]} {[%emt 00:00:21]} e3+ {[%clk 00:00:44]}
{[%emt 00:00:43]} 40. Kxe3 {[%clk 00:40:05]} {[%emt 00:00:28]} Re8+ {[%clk
00:01:08]} {[%emt 00:00:06]} 41. Kd4 {[%clk 00:38:25]} {[%emt 00:02:10]} Kc6
{[%clk 00:01:03]} {[%emt 00:00:35]} 42. a7 {[%clk 00:37:59]} {[%emt 00:00:56]}
Kb7 {[%clk 00:01:10]} {[%emt 00:00:24]} 43. a8=Q+ {[%clk 00:37:31]} {[%emt
00:00:58]} Rxa8 {[%clk 00:01:33]} {[%emt 00:00:06]} 44. Rxa8 {[%clk 00:37:57]}
{[%emt 00:00:04]} Kxa8 {[%clk 00:01:58]} {[%emt 00:00:06]} 45. Ke5 {[%clk
00:38:24]} {[%emt 00:00:03]} f4 {[%clk 00:02:11]} {[%emt 00:00:17]} 46. Kf5
{[%clk 00:38:49]} {[%emt 00:00:04]} h6 {[%clk 00:30:15]} {[%emt 00:02:26]} 47.
h3 {[%clk 01:09:14]} {[%emt 00:00:05]} Kb7 {[%clk 00:28:10]} {[%emt 00:02:35]}
48. Kg6 {[%clk 01:09:27]} {[%emt 00:00:16]} 1-0

[Event "ODJM B 2025"]
[Site "Willingen GER"]
[Date "2025.06.11"]
[Round "5"]
[White "Moldovan, Tatiana"]
[Black "Negru, Maximilian"]
[Result "0-1"]
[Termination "normal"]
[Board "7"]
[WhiteElo "1780"]
[BlackElo "1694"]
[WhiteClock "00:35:26"]
[BlackClock "00:12:50"]
[PlyCount "92"]
[WhiteFideId "16287398"]
[BlackFideId "16298136"]
[EventCountry "GER"]
[EventRounds "9"]
[EventType "swiss"]
[EventDate "2025.06.07"]

1. e4 {[%clk 01:30:57]} {[%emt 00:00:02]} e6 {[%clk 01:30:57]} {[%emt
00:00:03]} 2. Nf3 {[%clk 01:31:21]} {[%emt 00:00:07]} d5 {[%clk 01:30:53]}
{[%emt 00:00:35]} 3. e5 {[%clk 01:31:31]} {[%emt 00:00:20]} c5 {[%clk
01:31:10]} {[%emt 00:00:13]} 4. c3 {[%clk 01:31:46]} {[%emt 00:00:15]} Nc6
{[%clk 01:31:21]} {[%emt 00:00:19]} 5. Na3 {[%clk 01:31:58]} {[%emt 00:00:18]}
a6 {[%clk 01:30:35]} {[%emt 00:01:16]} 6. Nc2 {[%clk 01:32:20]} {[%emt
00:00:08]} d4 {[%clk 01:30:16]} {[%emt 00:00:48]} 7. cxd4 {[%clk 01:31:02]}
{[%emt 00:01:48]} cxd4 {[%clk 01:21:51]} {[%emt 00:08:55]} 8. Bd3 {[%clk
01:28:23]} {[%emt 00:03:08]} Bc5 {[%clk 01:19:34]} {[%emt 00:02:49]} 9. a3
{[%clk 01:27:15]} {[%emt 00:01:38]} b5 {[%clk 01:19:53]} {[%emt 00:00:10]} 10.
b4 {[%clk 01:27:36]} {[%emt 00:00:09]} Ba7 {[%clk 01:19:44]} {[%emt 00:00:40]}
11. Bb2 {[%clk 01:26:36]} {[%emt 00:01:30]} Nge7 {[%clk 01:17:43]} {[%emt
00:02:30]} 12. Be4 {[%clk 01:26:13]} {[%emt 00:00:54]} d3 {[%clk 01:12:27]}
{[%emt 00:05:46]} 13. Ne3 {[%clk 01:26:27]} {[%emt 00:00:15]} Bb7 {[%clk
01:02:56]} {[%emt 00:10:01]} 14. Qb3 {[%clk 01:24:25]} {[%emt 00:02:32]} Nd4
{[%clk 00:51:02]} {[%emt 00:12:25]} 15. Qxd3 {[%clk 01:22:29]} {[%emt
00:02:26]} Nxf3+ {[%clk 00:50:45]} {[%emt 00:00:47]} 16. gxf3 {[%clk 01:22:52]}
{[%emt 00:00:07]} Qxd3 {[%clk 00:50:49]} {[%emt 00:00:25]} 17. Bxd3 {[%clk
01:23:17]} {[%emt 00:00:05]} Bxf3 {[%clk 00:51:06]} {[%emt 00:00:13]} 18. Rg1
{[%clk 01:23:36]} {[%emt 00:00:11]} Rd8 {[%clk 00:50:17]} {[%emt 00:01:19]} 19.
Bc2 {[%clk 01:23:30]} {[%emt 00:00:36]} Nc6 {[%clk 00:41:21]} {[%emt 00:09:26]}
20. Rg3 {[%clk 01:14:45]} {[%emt 00:09:15]} Nd4 {[%clk 00:40:08]} {[%emt
00:01:43]} 21. Bxd4 {[%clk 01:07:13]} {[%emt 00:08:02]} Bxd4 {[%clk 00:40:25]}
{[%emt 00:00:13]} 22. Rb1 {[%clk 01:06:41]} {[%emt 00:01:03]} Bb7 {[%clk
00:36:17]} {[%emt 00:04:38]} 23. f4 {[%clk 01:01:08]} {[%emt 00:06:02]} Rg8
{[%clk 00:35:32]} {[%emt 00:01:15]} 24. Rb3 {[%clk 00:58:11]} {[%emt 00:03:27]}
Kf8 {[%clk 00:30:13]} {[%emt 00:05:49]} 25. h3 {[%clk 00:51:38]} {[%emt
00:07:03]} g5 {[%clk 00:27:42]} {[%emt 00:03:00]} 26. Rxg5 {[%clk 00:50:51]}
{[%emt 00:01:18]} Rxg5 {[%clk 00:28:04]} {[%emt 00:00:09]} 27. fxg5 {[%clk
00:51:17]} {[%emt 00:00:03]} Bxe5 {[%clk 00:27:45]} {[%emt 00:00:48]} 28. Bxh7
{[%clk 00:49:45]} {[%emt 00:02:02]} Kg7 {[%clk 00:27:03]} {[%emt 00:01:13]} 29.
Bc2 {[%clk 00:47:36]} {[%emt 00:02:39]} Bf4 {[%clk 00:25:37]} {[%emt 00:01:56]}
30. Rc3 {[%clk 00:45:42]} {[%emt 00:02:24]} Bxg5 {[%clk 00:24:15]} {[%emt
00:01:53]} 31. Rc7 {[%clk 00:45:35]} {[%emt 00:00:36]} Bf3 {[%clk 00:24:09]}
{[%emt 00:00:35]} 32. Kf2 {[%clk 00:45:19]} {[%emt 00:00:46]} Bh5 {[%clk
00:23:15]} {[%emt 00:01:24]} 33. d3 {[%clk 00:43:51]} {[%emt 00:01:59]} Rd6
{[%clk 00:18:36]} {[%emt 00:05:09]} 34. Rc5 {[%clk 00:43:10]} {[%emt 00:01:11]}
f5 {[%clk 00:17:16]} {[%emt 00:01:50]} 35. Nf1 {[%clk 00:42:03]} {[%emt
00:01:36]} Bc1 {[%clk 00:11:32]} {[%emt 00:06:14]} 36. Rc3 {[%clk 00:39:30]}
{[%emt 00:03:04]} Bb2 {[%clk 00:11:44]} {[%emt 00:00:17]} 37. Rb3 {[%clk
00:39:20]} {[%emt 00:00:41]} Bd4+ {[%clk 00:12:08]} {[%emt 00:00:06]} 38. Kg2
{[%clk 00:39:13]} {[%emt 00:00:36]} Rc6 {[%clk 00:12:29]} {[%emt 00:00:09]} 39.
Bb1 {[%clk 00:35:54]} {[%emt 00:03:49]} Bd1 {[%clk 00:12:51]} {[%emt 00:00:10]}
40. Nd2 {[%clk 00:36:15]} {[%emt 00:00:09]} Bxb3 {[%clk 00:11:26]} {[%emt
00:01:54]} 41. Nxb3 {[%clk 00:36:38]} {[%emt 00:00:06]} Bb6 {[%clk 00:11:49]}
{[%emt 00:00:08]} 42. d4 {[%clk 00:36:08]} {[%emt 00:01:00]} Rc3 {[%clk
00:11:42]} {[%emt 00:00:37]} 43. Nc5 {[%clk 00:36:20]} {[%emt 00:00:18]} Bxc5
{[%clk 00:11:32]} {[%emt 00:00:40]} 44. bxc5 {[%clk 00:35:33]} {[%emt
00:01:17]} Rb3 {[%clk 00:11:58]} {[%emt 00:00:05]} 45. c6 {[%clk 00:35:36]}
{[%emt 00:00:26]} Rxb1 {[%clk 00:12:23]} {[%emt 00:00:04]} 46. c7 {[%clk
00:35:26]} {[%emt 00:00:41]} Rc1 {[%clk 00:12:50]} {[%emt 00:00:04]} 0-1

[Event "ODJM B 2025"]
[Site "Willingen GER"]
[Date "2025.06.11"]
[Round "5"]
[White "Fischermann, Simon"]
[Black "Er, Sadik Bugra"]
[Result "1-0"]
[Termination "normal"]
[Board "8"]
[WhiteElo "1847"]
[BlackElo "1728"]
[WhiteClock "00:20:23"]
[BlackClock "00:45:04"]
[PlyCount "47"]
[WhiteFideId "34620869"]
[BlackFideId "34660410"]
[EventCountry "GER"]
[EventRounds "9"]
[EventType "swiss"]
[EventDate "2025.06.07"]

1. e4 {[%clk 01:30:57]} {[%emt 00:00:02]} c5 {[%clk 01:30:57]} {[%emt
00:00:04]} 2. Nc3 {[%clk 01:31:23]} {[%emt 00:00:04]} e6 {[%clk 01:31:23]}
{[%emt 00:00:03]} 3. f4 {[%clk 01:31:47]} {[%emt 00:00:07]} d5 {[%clk
01:31:39]} {[%emt 00:00:14]} 4. Nf3 {[%clk 01:32:08]} {[%emt 00:00:07]} dxe4
{[%clk 01:31:57]} {[%emt 00:00:14]} 5. Bb5+ {[%clk 01:32:18]} {[%emt 00:00:19]}
Bd7 {[%clk 01:32:05]} {[%emt 00:00:22]} 6. Bxd7+ {[%clk 01:32:40]} {[%emt
00:00:08]} Qxd7 {[%clk 01:32:16]} {[%emt 00:00:19]} 7. Nxe4 {[%clk 01:32:43]}
{[%emt 00:00:26]} Nc6 {[%clk 01:32:26]} {[%emt 00:00:22]} 8. O-O {[%clk
01:24:05]} {[%emt 00:09:08]} Be7 {[%clk 01:32:02]} {[%emt 00:00:54]} 9. d3
{[%clk 01:19:54]} {[%emt 00:04:40]} Nf6 {[%clk 01:29:22]} {[%emt 00:03:10]} 10.
Qe2 {[%clk 01:03:50]} {[%emt 00:16:34]} O-O {[%clk 01:27:23]} {[%emt 00:02:29]}
11. Kh1 {[%clk 01:02:32]} {[%emt 00:01:49]} Rfd8 {[%clk 01:19:55]} {[%emt
00:07:57]} 12. b3 {[%clk 00:43:10]} {[%emt 00:19:52]} Qc7 {[%clk 01:06:40]}
{[%emt 00:13:45]} 13. Bb2 {[%clk 00:42:38]} {[%emt 00:01:02]} Nd5 {[%clk
01:04:24]} {[%emt 00:02:45]} 14. g3 {[%clk 00:37:27]} {[%emt 00:05:42]} Rac8
{[%clk 01:03:50]} {[%emt 00:01:05]} 15. Rad1 {[%clk 00:30:53]} {[%emt
00:07:03]} b6 {[%clk 01:03:49]} {[%emt 00:00:32]} 16. c4 {[%clk 00:30:12]}
{[%emt 00:01:10]} Ndb4 {[%clk 01:00:20]} {[%emt 00:04:00]} 17. a3 {[%clk
00:30:27]} {[%emt 00:00:16]} Na6 {[%clk 01:00:45]} {[%emt 00:00:04]} 18. Ba1
{[%clk 00:20:41]} {[%emt 00:10:15]} Nd4 {[%clk 00:54:01]} {[%emt 00:07:14]} 19.
Nxd4 {[%clk 00:20:21]} {[%emt 00:00:50]} cxd4 {[%clk 00:54:23]} {[%emt
00:00:09]} 20. b4 {[%clk 00:20:32]} {[%emt 00:00:18]} Nb8 {[%clk 00:48:15]}
{[%emt 00:06:39]} 21. Bb2 {[%clk 00:19:55]} {[%emt 00:01:07]} Qb7 {[%clk
00:45:33]} {[%emt 00:03:11]} 22. Qf3 {[%clk 00:19:39]} {[%emt 00:00:46]} Bf8
{[%clk 00:45:20]} {[%emt 00:00:43]} 23. Nf6+ {[%clk 00:20:01]} {[%emt
00:00:09]} gxf6 {[%clk 00:45:04]} {[%emt 00:00:46]} 24. Qxb7 {[%clk 00:20:23]}
{[%emt 00:00:07]} 1-0

[Event "ODJM B 2025"]
[Site "Willingen GER"]
[Date "2025.06.11"]
[Round "5"]
[White "Dominik, Anton"]
[Black "Briese, Paul"]
[Result "0-1"]
[Termination "normal"]
[Board "10"]
[WhiteElo "2015"]
[BlackElo "1665"]
[WhiteClock "00:02:49"]
[BlackClock "00:37:13"]
[PlyCount "76"]
[WhiteFideId "34694501"]
[BlackFideId "16273826"]
[EventCountry "GER"]
[EventRounds "9"]
[EventType "swiss"]
[EventDate "2025.06.07"]

1. e4 {[%clk 01:30:48]} {[%emt 00:00:12]} e5 {[%clk 01:30:56]} {[%emt
00:00:05]} 2. Bc4 {[%clk 01:31:07]} {[%emt 00:00:10]} Nf6 {[%clk 01:31:14]}
{[%emt 00:00:12]} 3. Nc3 {[%clk 01:31:27]} {[%emt 00:00:11]} Bc5 {[%clk
01:31:32]} {[%emt 00:00:12]} 4. d3 {[%clk 01:31:43]} {[%emt 00:00:13]} d6
{[%clk 01:31:50]} {[%emt 00:00:12]} 5. f4 {[%clk 01:31:50]} {[%emt 00:00:22]}
Ng4 {[%clk 01:31:50]} {[%emt 00:00:31]} 6. f5 {[%clk 01:31:18]} {[%emt
00:01:02]} h5 {[%clk 01:32:07]} {[%emt 00:00:13]} 7. Nf3 {[%clk 00:52:43]}
{[%emt 00:39:06]} Nf2 {[%clk 01:30:30]} {[%emt 00:02:06]} 8. Qe2 {[%clk
00:51:31]} {[%emt 00:01:42]} Nxh1 {[%clk 01:29:40]} {[%emt 00:01:20]} 9. Be3
{[%clk 00:44:27]} {[%emt 00:07:34]} Bxe3 {[%clk 01:24:52]} {[%emt 00:05:18]}
10. Qxe3 {[%clk 00:44:35]} {[%emt 00:00:22]} Nc6 {[%clk 01:22:28]} {[%emt
00:02:54]} 11. a3 {[%clk 00:40:23]} {[%emt 00:04:42]} Nd4 {[%clk 01:17:21]}
{[%emt 00:05:38]} 12. O-O-O {[%clk 00:35:44]} {[%emt 00:05:08]} Nxf3 {[%clk
01:16:57]} {[%emt 00:00:54]} 13. Qxf3 {[%clk 00:32:06]} {[%emt 00:04:08]} Qg5+
{[%clk 01:12:52]} {[%emt 00:04:34]} 14. Kb1 {[%clk 00:31:06]} {[%emt 00:01:30]}
Bd7 {[%clk 01:06:47]} {[%emt 00:06:36]} 15. Rxh1 {[%clk 00:29:49]} {[%emt
00:01:45]} f6 {[%clk 01:05:10]} {[%emt 00:02:09]} 16. Qf2 {[%clk 00:25:41]}
{[%emt 00:04:39]} c6 {[%clk 01:00:08]} {[%emt 00:05:32]} 17. a4 {[%clk
00:24:56]} {[%emt 00:01:14]} Kd8 {[%clk 00:58:21]} {[%emt 00:02:16]} 18. Rg1
{[%clk 00:22:15]} {[%emt 00:03:12]} Kc7 {[%clk 00:55:33]} {[%emt 00:03:19]} 19.
h3 {[%clk 00:20:14]} {[%emt 00:02:30]} Rhf8 {[%clk 00:47:40]} {[%emt 00:08:23]}
20. g4 {[%clk 00:18:38]} {[%emt 00:02:06]} h4 {[%clk 00:46:35]} {[%emt
00:01:35]} 21. Rg2 {[%clk 00:16:52]} {[%emt 00:02:16]} Be8 {[%clk 00:38:39]}
{[%emt 00:08:26]} 22. Qd2 {[%clk 00:13:03]} {[%emt 00:04:19]} Qxd2 {[%clk
00:38:44]} {[%emt 00:00:25]} 23. Rxd2 {[%clk 00:13:25]} {[%emt 00:00:08]} Bf7
{[%clk 00:38:20]} {[%emt 00:00:55]} 24. Bxf7 {[%clk 00:12:45]} {[%emt
00:01:09]} Rxf7 {[%clk 00:38:35]} {[%emt 00:00:15]} 25. Ne2 {[%clk 00:10:01]}
{[%emt 00:03:14]} d5 {[%clk 00:38:05]} {[%emt 00:01:00]} 26. Ng1 {[%clk
00:09:12]} {[%emt 00:01:19]} dxe4 {[%clk 00:37:40]} {[%emt 00:00:55]} 27. dxe4
{[%clk 00:09:31]} {[%emt 00:00:11]} Rd7 {[%clk 00:37:57]} {[%emt 00:00:13]} 28.
Rxd7+ {[%clk 00:09:39]} {[%emt 00:00:22]} Kxd7 {[%clk 00:38:22]} {[%emt
00:00:05]} 29. Nf3 {[%clk 00:09:31]} {[%emt 00:00:39]} Kc7 {[%clk 00:38:08]}
{[%emt 00:00:44]} 30. Kc1 {[%clk 00:07:20]} {[%emt 00:02:41]} Rd8 {[%clk
00:38:19]} {[%emt 00:00:16]} 31. b3 {[%clk 00:05:45]} {[%emt 00:02:08]} Kb6
{[%clk 00:38:22]} {[%emt 00:00:27]} 32. g5 {[%clk 00:05:03]} {[%emt 00:01:11]}
Ka5 {[%clk 00:37:51]} {[%emt 00:01:02]} 33. Nxh4 {[%clk 00:03:15]} {[%emt
00:02:17]} Rh8 {[%clk 00:37:47]} {[%emt 00:00:34]} 34. gxf6 {[%clk 00:03:31]}
{[%emt 00:00:15]} gxf6 {[%clk 00:38:04]} {[%emt 00:00:12]} 35. Ng6 {[%clk
00:03:30]} {[%emt 00:00:31]} Rxh3 {[%clk 00:38:14]} {[%emt 00:00:20]} 36. Nf8
{[%clk 00:03:20]} {[%emt 00:00:41]} Rh4 {[%clk 00:37:01]} {[%emt 00:01:42]} 37.
Nd7 {[%clk 00:02:54]} {[%emt 00:00:56]} Rxe4 {[%clk 00:36:54]} {[%emt
00:00:37]} 38. Nxf6 {[%clk 00:02:49]} {[%emt 00:00:28]} Rf4 {[%clk 00:37:13]}
{[%emt 00:00:17]} 0-1

[Event "ODJM B 2025"]
[Site "Willingen GER"]
[Date "2025.06.11"]
[Round "5"]
[White "Geschke, David"]
[Black "Yang, Markus"]
[Result "1/2-1/2"]
[Termination "normal"]
[Board "11"]
[WhiteElo "1824"]
[BlackElo "1706"]
[WhiteClock "00:02:14"]
[BlackClock "00:09:41"]
[PlyCount "63"]
[WhiteFideId "34619658"]
[BlackFideId "16206550"]
[EventCountry "GER"]
[EventRounds "9"]
[EventType "swiss"]
[EventDate "2025.06.07"]

1. d4 {[%clk 01:30:56]} {[%emt 00:00:03]} Nf6 {[%emt 00:00:11]} 2. c4 {[%clk
01:31:22]} c5 {[%clk 01:31:04]} {[%emt 00:00:20]} 3. d5 {[%clk 01:31:14]}
{[%emt 00:00:37]} b5 {[%clk 01:31:13]} {[%emt 00:00:21]} 4. cxb5 {[%clk
01:31:39]} {[%emt 00:00:05]} a6 {[%clk 01:31:34]} {[%emt 00:00:09]} 5. Nc3
{[%clk 01:30:47]} {[%emt 00:01:22]} d6 {[%clk 01:31:01]} {[%emt 00:01:02]} 6.
e4 {[%clk 01:29:38]} {[%emt 00:01:39]} g6 {[%clk 01:30:39]} {[%emt 00:00:53]}
7. Nf3 {[%clk 01:28:25]} {[%emt 00:01:43]} Bg7 {[%clk 01:30:59]} {[%emt
00:00:10]} 8. Bd3 {[%clk 01:27:01]} {[%emt 00:01:53]} O-O {[%clk 01:29:51]}
{[%emt 00:01:38]} 9. O-O {[%clk 01:26:25]} {[%emt 00:01:06]} Nbd7 {[%clk
01:27:55]} {[%emt 00:02:26]} 10. Nd2 {[%clk 01:24:21]} {[%emt 00:02:34]} axb5
{[%clk 01:22:44]} {[%emt 00:05:42]} 11. Bxb5 {[%clk 01:23:42]} {[%emt
00:01:09]} Ba6 {[%clk 01:20:16]} {[%emt 00:02:58]} 12. Bxa6 {[%clk 01:21:50]}
{[%emt 00:02:22]} Rxa6 {[%clk 01:20:21]} {[%emt 00:00:25]} 13. Qe2 {[%clk
01:20:55]} {[%emt 00:01:22]} Qb6 {[%clk 01:14:01]} {[%emt 00:06:52]} 14. Nc4
{[%clk 01:17:57]} {[%emt 00:03:28]} Qb7 {[%clk 01:12:29]} {[%emt 00:02:02]} 15.
f4 {[%clk 01:15:58]} {[%emt 00:02:29]} Rb8 {[%clk 01:08:56]} {[%emt 00:04:04]}
16. Qd3 {[%clk 01:13:56]} {[%emt 00:02:31]} Nb6 {[%clk 01:01:40]} {[%emt
00:07:47]} 17. Nxb6 {[%clk 01:07:45]} {[%emt 00:06:41]} Rxb6 {[%clk 01:00:19]}
{[%emt 00:01:51]} 18. Re1 {[%clk 01:00:34]} {[%emt 00:07:41]} Rb4 {[%clk
00:57:33]} {[%emt 00:03:15]} 19. Rb1 {[%clk 00:55:35]} {[%emt 00:05:30]} Nd7
{[%clk 00:49:03]} {[%emt 00:09:00]} 20. Re2 {[%clk 00:49:50]} {[%emt 00:06:16]}
Nb6 {[%clk 00:44:02]} {[%emt 00:05:30]} 21. b3 {[%clk 00:42:14]} {[%emt
00:08:04]} c4 {[%clk 00:38:05]} {[%emt 00:06:30]} 22. Qc2 {[%clk 00:40:51]}
{[%emt 00:01:53]} Rc8 {[%clk 00:35:33]} {[%emt 00:03:01]} 23. Bd2 {[%clk
00:33:01]} {[%emt 00:08:20]} cxb3 {[%clk 00:29:32]} {[%emt 00:06:30]} 24. axb3
{[%clk 00:28:50]} {[%emt 00:04:41]} Na4 {[%clk 00:26:27]} {[%emt 00:03:36]} 25.
bxa4 {[%clk 00:27:32]} {[%emt 00:01:48]} Bxc3 {[%clk 00:23:52]} {[%emt
00:03:05]} 26. Rxb4 {[%clk 00:13:27]} {[%emt 00:14:34]} Qxb4 {[%clk 00:18:55]}
{[%emt 00:05:28]} 27. Kf1 {[%clk 00:08:36]} {[%emt 00:05:22]} Rc4 {[%clk
00:17:39]} {[%emt 00:01:45]} 28. Bxc3 {[%clk 00:07:54]} {[%emt 00:01:12]} Rxc3
{[%clk 00:17:29]} {[%emt 00:00:39]} 29. Qd2 {[%clk 00:04:22]} {[%emt 00:04:02]}
Qc5 {[%clk 00:17:15]} {[%emt 00:00:45]} 30. g3 {[%clk 00:02:41]} {[%emt
00:02:11]} Rc1+ {[%clk 00:12:42]} {[%emt 00:05:03]} 31. Re1 {[%clk 00:02:51]}
{[%emt 00:00:18]} Rc2 {[%clk 00:09:41]} {[%emt 00:03:32]} 32. Qe3 {[%clk
00:02:14]} {[%emt 00:01:06]} 1/2-1/2